00413nam a2200169Ia 4500003000400000005001700004008004100021020001500062050002600077100001800103245003300121260003500154300003300189440000600222521000700228526000800235OSt20140507094116.0140130s9999 xx 000 0 und d a0439357357 aPZ 8.3b.E315Dan 2001 aEhrlich, H.M  cH.M EhrlichaDancing class / bScholastic,c2001.aNew York : a24 p. :bcol. ill. ;c21 cm. v1 aG1 c150